| 000 | 00481nam a2200157 a 4500 | ||
|---|---|---|---|
| 001 | 0793 | ||
| 005 | 20140414131937.0 | ||
| 008 | 040930s19uu xx 00 eng d | ||
| 020 | _a1-85697-561-4 | ||
| 050 |
_aREF 910 _bC48 1995 |
||
| 245 |
_aCircling the globe : _ba young people's guide to countries and cultures of the world. |
||
| 260 |
_aOntario, Canada : _bD. S. Max, _c1995. |
||
| 300 | _a640 p. : ill. ; cm. | ||
| 650 |
_aGeography _xJuvenile literature. |
||
| 999 |
_c112468 _d112468 |
||